[Event "Galicia-ch U18"]
[Site "Padron"]
[Date "2020.02.22"]
[Round "1"]
[White "Rodriguez Ferreiros, Andres"]
[Black "Vazquez Porta, Andres"]
[Result "1-0"]
[WhiteElo "2047"]
[BlackElo "1561"]
[PlyCount "37"]
[EventDate "2020.02.22"]
[EventType "swiss"]
[EventRounds "8"]
[EventCountry "ESP"]
[SourceTitle "EXT 2023"]
[Source "ChessBase"]
[SourceDate "2022.10.05"]
[SourceVersion "1"]
[SourceVersionDate "2022.10.05"]
[SourceQuality "1"]

1. e4 c5 2. Nf3 e6 3. d4 cxd4 4. Nxd4 a6 5. Be3 Nf6 6. Nd2 Qc7 7. Be2 Nc6 8. 0-0 Bd6 9. g3 Nxd4 10. Bxd4 Be5 11. Bxe5 Qxe5 12. Nc4 Qc5 13. e5 Ne4 14. Qd3 Ng5 15. h4 Nh3+ 16. Kg2 g5 17. Kxh3 gxh4 18. Qd6 Qxd6 19. Nxd6+ 1-0

[Event "Gallego-ch U14"]
[Site "Viveiro"]
[Date "2017.02.25"]
[Round "1"]
[White "Vazquez Porta, Andres"]
[Black "Bringas Gomez, Artai"]
[Result "0-1"]
[WhiteElo "1222"]
[BlackElo "1668"]
[PlyCount "104"]
[EventDate "2017.02.25"]
[EventType "swiss"]
[EventRounds "8"]
[EventCountry "ESP"]
[SourceTitle "EXT 2024"]
[Source "ChessBase"]
[SourceDate "2023.10.10"]
[SourceVersion "1"]
[SourceVersionDate "2023.10.10"]
[SourceQuality "1"]

1. e4 b6 2. d4 Bb7 3. Nc3 e6 4. Bf4 Bb4 5. Nge2 Bxe4 6. a3 Bxc3+ 7. Nxc3 Bb7 8. Nb5 d6 9. Qg4 Kf8 10. Qg3 Nf6 11. Nxc7 Ne4 12. Bxd6+ Nxd6 13. Nxa8 Bxa8 14. Bd3 Nc6 15. c3 Ne7 16. f3 Nef5 17. Qf2 h5 18. 0-0-0 Bd5 19. Rde1 Qg5+ 20. Kb1 Nh4 21. f4 Qf6 22. Rhg1 Ke7 23. Re5 g6 24. Qe2 Nxg2 25. Rxd5 Nxf4 26. Rf1 Nxe2 27. Rxf6 exd5 28. Rf1 Ne4 29. Bxe4 dxe4 30. Re1 Nf4 31. Rxe4+ Ne6 32. d5 Rd8 33. dxe6 f5 34. Re2 Rd6 35. h4 Rxe6 36. Rg2 Kf6 37. Kc2 Re4 38. Rh2 f4 39. Rf2 Kf5 40. Rg2 f3 41. Rg5+ Kf6 42. Rg3 Rf4 43. Rg1 Rxh4 44. Kd3 Rf4 45. Ke3 f2 46. Rf1 g5 47. Rxf2 Rxf2 48. Kxf2 Ke5 49. Kf3 b5 50. b3 a5 51. c4 bxc4 52. bxc4 Kd4 0-1

[Event "Ferrol op 31th"]
[Site "Ferrol"]
[Date "2016.07.27"]
[Round "9"]
[White "Vazquez Porta, Andres"]
[Black "Tenreiro, Jose Manuel"]
[Result "1-0"]
[WhiteElo "1183"]
[BlackElo "1378"]
[PlyCount "103"]
[EventDate "2016.07.18"]
[EventType "swiss"]
[EventRounds "9"]
[EventCountry "ESP"]
[SourceTitle "EXT 2024"]
[Source "ChessBase"]
[SourceDate "2023.10.10"]
[SourceVersion "1"]
[SourceVersionDate "2023.10.10"]
[SourceQuality "1"]

1. e4 e5 2. Bc4 c6 3. Nc3 b5 4. Be2 Qb6 5. Nf3 Bc5 6. 0-0 d6 7. d3 a5 8. a3 Bb7 9. Kh1 a4 10. Qe1 b4 11. Na2 b3 12. cxb3 axb3 13. Nc3 Nd7 14. Nh4 Ne7 15. f4 Bd4 16. Rf3 d5 17. Bd2 dxe4 18. dxe4 c5 19. Bc4 0-0 20. Qg3 exf4 21. Bxf4 Bxc3 22. Rxc3 Bxe4 23. Rxb3 Qc6 24. Rc3 Ng6 25. Nf3 Nxf4 26. Qxf4 Bd5 27. Bxd5 Qxd5 28. h3 Rab8 29. Rb1 Rb7 30. b4 Rfb8 31. Rcb3 h6 32. Nd2 cxb4 33. Rxb4 Rxb4 34. Rxb4 Ra8 35. Nc4 Nc5 36. Nb6 Qd1+ 37. Kh2 Nd3 38. Qe4 Rxa3 39. Rd4 Nf2 40. Qe8+ Kh7 41. Rxd1 Nxd1 42. Qxf7 Ra6 43. Qf5+ g6 44. Qd7+ Kh8 45. Qe8+ Kg7 46. Qe7+ Kh8 47. Qf8+ Kh7 48. Qf7+ Kh8 49. Qxg6 Ra7 50. Nc8 Rg7 51. Qxh6+ Kg8 52. Qd2 1-0